000 00352nam a22001457a 4500
003 MACL
005 20191017152632.0
008 191017b xxu||||| |||| 00| 0 eng d
040 _cMACL
100 _aObrein, K J
_976976
245 _aAuthoring Dissertation
260 _aDelhi
_bGlobal Pub
_c2016
650 _aManagement
_976977
942 _2ddc
_cBK
999 _c61223
_d61223